Southville International School and Colleges
Your cart is empty.
  • Cart
  • Lists
    Public lists Eva Luna New books Lux_list list_1
    Your lists Log in to create your own lists
  • Log in to your account
  • Your cookies
  • Search history
Southville International School and Colleges
  • Advanced search
  • Recent comments
  • Most popular
  • Libraries

Log in to your account

Log in with GOOGLE


If you do not have an external account, but do have a local account, you can still log in:

  1. Home
  2. MARC view: Portfolios in the classroom :
Normal view MARC view ISBD view

Portfolios in the classroom : (Record no. 12546)

[ view plain ]
MARC details
000 -LEADER
fixed length control field 01218cam a2200325 a 4500
001 - CONTROL NUMBER
control field 4016173
003 - CONTROL NUMBER IDENTIFIER
control field OSt
005 - DATE AND TIME OF LATEST TRANSACTION
control field 20160601131402.0
008 - FIXED-LENGTH DATA ELEMENTS--GENERAL INFORMATION
fixed length control field 970418s1997 meua b 000 0 eng
010 ## - LIBRARY OF CONGRESS CONTROL NUMBER
LC control number 97019440
020 ## - INTERNATIONAL STANDARD BOOK NUMBER
International Standard Book Number 1571100601
040 ## - CATALOGING SOURCE
Original cataloging agency DLC
Transcribing agency DLC
Modifying agency DLC
043 ## - GEOGRAPHIC AREA CODE
Geographic area code n-us---
050 00 - LIBRARY OF CONGRESS CALL NUMBER
Classification number LB 1029.P67
Item number .Sch35 1997
082 00 - DEWEY DECIMAL CLASSIFICATION NUMBER
Classification number GLT 371.39
Item number .Sch3 1997
100 1# - MAIN ENTRY--PERSONAL NAME
Personal name Schipper, Beth,
Dates associated with a name 1947-
9 (RLIN) 22513
245 10 - TITLE STATEMENT
Title Portfolios in the classroom :
Remainder of title tools for learning and instruction /
Statement of responsibility, etc Beth Schipper [and] Joanne Rossi.
260 ## - PUBLICATION, DISTRIBUTION, ETC. (IMPRINT)
Place of publication, distribution, etc York, Me. :
Name of publisher, distributor, etc Stenhouse Publishers,
Date of publication, distribution, etc c1997.
300 ## - PHYSICAL DESCRIPTION
Extent viii, 112 p. :
Other physical details ill. ;
Dimensions 23 cm.
504 ## - BIBLIOGRAPHY, ETC. NOTE
Bibliography, etc Includes bibliographical references (p. 103-112).
526 ## - STUDY PROGRAM INFORMATION NOTE
Reading level 1210L to 1700L
562 ## - COPY AND VERSION IDENTIFICATION NOTE
Number of copies For circulation. 1 copy in the collection
650 #0 - SUBJECT ADDED ENTRY--TOPICAL TERM
Topical term or geographic name as entry element Portfolios in education
Geographic subdivision United States.
9 (RLIN) 22514
700 1# - ADDED ENTRY--PERSONAL NAME
Personal name Rossi, Joanne,
Dates associated with a name 1943-
9 (RLIN) 22515
856 42 - ELECTRONIC LOCATION AND ACCESS
Materials specified Publisher description
Uniform Resource Identifier <a href="http://www.loc.gov/catdir/enhancements/fy0904/97019440-d.html">http://www.loc.gov/catdir/enhancements/fy0904/97019440-d.html</a>
906 ## - LOCAL DATA ELEMENT F, LDF (RLIN)
a 7
b cbc
c orignew
d 1
e ocip
f 19
g y-gencatlg
942 ## - ADDED ENTRY ELEMENTS (KOHA)
Source of classification or shelving scheme Library of Congress Classification
Koha item type Books
Holdings
Withdrawn status Lost status Source of classification or shelving scheme Damaged status Home library Current library Shelving location Date acquired Source of acquisition Total Checkouts Total Renewals Full call number Barcode Date last seen Date checked out Copy number Price effective from Koha item type
    Library of Congress Classification   Luxembourg Library Luxembourg Library Genevive Ledesma - Tan Section 10/01/2013 Donation 1 1 LB 1029.P67 .Sch35 1997 7913 11/23/2018 10/08/2018 1 10/01/2013 Books

Portfolios in the classroom :

APA

Schipper B., Rossi J., . (1997). Portfolios in the classroom. York, Me: Stenhouse Publishers.

Chicago

Schipper Beth, Rossi Joanne, . 1997. Portfolios in the classroom. York, Me: Stenhouse Publishers.

Harvard

Schipper B., Rossi J., . (1997). Portfolios in the classroom. York, Me: Stenhouse Publishers.

MLA

Schipper Beth, Rossi Joanne, . Portfolios in the classroom. York, Me: Stenhouse Publishers. 1997.

  • Place hold
  • Print
  • Cite
  • Add to your cart (remove)
  • Save record
    BIBTEX Dublin Core MARCXML MARC (non-Unicode/MARC-8) MARC (Unicode/UTF-8) MARC (Unicode/UTF-8, Standard) MODS (XML) RIS
  • More searches
    Search for this title in:
    Other Libraries (WorldCat) Other Databases (Google Scholar) Online Stores (Bookfinder.com) Open Library (openlibrary.org)

Exporting to Dublin Core...

SOUTHVILLE LIBRARY

Southville International School and Colleges Library

1281 Tropical Ave. Cor. Luxembourg St., BF Homes International, Las Pinas City

Tel. No. 8256374 / 252358 Loc. 117/146

Powered by Koha